Normal view
MARC view
- Haddad, Sandro A.P, Serdijn, Wouter A
Entry Personal Name
001 - CONTROL NUMBER
- control field: 68459
003 - CONTROL NUMBER IDENTIFIER
- control field: NUST
005 - DATE AND TIME OF LATEST TRANSACTION
- control field: 20210628204042.0
008 - FIXED-LENGTH DATA ELEMENTS
- fixed length control field: 210628|| aca||aabn | a|a d
040 ## - CATALOGING SOURCE
- Original cataloging agency: NUST
- Transcribing agency: NUST
100 ## - HEADING--PERSONAL NAME
- Personal name: Haddad, Sandro A.P, Serdijn, Wouter A
670 ## - SOURCE DATA FOUND
- Source citation: Work cat.: (NUST): Haddad, Sandro A.P, Serdijn, Wouter A, Ultra low - power biomedical singal processing, an analog wavelet filter approach for pacemakers, 2009
